000 01168nam a2200265Ia 4500
999 _c50354
_d50354
001 17295
003 GE_BSU
005 20200212140821.0
008 181216s2011 xx |||||||||||||| ||geo||
040 _cGE_BSU
041 _ageo
080 _a624.04/325 ს-18
100 _aჭოხინელიძე,გ.
_96997
245 _aსაინჟინრო ნაგებობები :
_bსახელმძღვანელო /
_cგ. ჭოხინელიძე ; გ. კვაჭაძე ; გ. ლუტიძე ; ი. მშვიდობაძე.
264 _aთბილისი :
_bგამ-ბა "ლეთა,
_c2011.
300 _a204 გვ .:
_bცხრ. ილ.
_c20 სმ.
500 _aძირით.ანბან.აღვნიშვნ.
653 _aინჟინერია
653 _aსაინჟინრო ნაგებობები
700 _aკვაჭაძე, გ.
_96998
700 _aლუტიძე, გ.
_96999
700 _aმშვიდობაძე, ი
_97000
700 _a ჯაფარიძე, ვ
_eრედაქტორი
_97001
942 _cBK
_2udc